Old Flags of Modern Nations - Statistics

General Stats
  • This quiz has been taken 146 times
    9 since last reset
  • The average score is 43 of 50
Answer Stats
Picture Answer % Correct
Bulgaria (1947-1948)
100%
Canada (1892-1965)
100%
D.R. Congo (Zaire) (1971-1997)
100%
Ethiopia (Ethiopian Empire) (1941-1974)
100%
France (1643-1794)
100%
Germany (German Empire) (1867-1919)
100%
Greece (1935-1970)
100%
India (British Raj) (1880-1947)
100%
Iran (1964-1979)
100%
Italy (Kingdom of Italy) (1861-1946)
100%
Japan (1868-1999)
100%
Lebanon (French Mandate) (1920-1943)
100%
Libya (1977-2011)
100%
Mali (1959-1961)
100%
Mauritania (1959-2017)
100%
Mexico (First Mexican Empire) (1821-1823)
100%
Mongolia (People's Republic of Mongolia) (1930-1940)
100%
Nepal (1856-1930)
100%
Romania (Socialist Republic of Romania) (1965-1989)
100%
Rwanda (1961-2001)
100%
South Africa (1928-1994)
100%
Spain (Second Spanish Republic) (1931-1939)
100%
Thailand (Siam) (1855-1916)
100%
Ukraine (Ukrainian SSR) (1950-1991)
100%
United States (1912-1959)
100%
Venezuela (1863-1905)
100%
Vietnam (Democratic Republic of Vietnam) (1945-1955)
100%
Afghanistan (1980-1987)
86%
Cambodia (People's Republic of Kampuchea) (1979-1989)
86%
China (Republic of China) (1912-1928)
86%
Egypt (United Arab Republic) (1958-1972)
86%
Hungary (Hungarian People's Republic) (1949-1956)
86%
Kazakhstan (Kazakh SSR) (1953-1992)
86%
Laos (Kingdom of Laos) (1947-1975)
86%
Lesotho (1987-2006)
86%
Montenegro (1905-1918)
86%
Nicaragua (1854-1856)
86%
Uzbekistan (Uzbek SSR) (1952-1991)
86%
D.R. Congo (Congo Free State/Belgian Congo) (1885-1960)
71%
Estonia (Estonian SSR) (1953-1990)
71%
Moldova (Moldovian SSR) (1952-1990)
71%
Rep. of Congo (People's Republic of the Congo) (1970-1991)
71%
Yemen (Kingdom of Yemen) (1927-1970)
71%
Benin (People's Republic of Benin) (1975-1990)
57%
Burkina Faso (Upper Volta) (1960-1984)
57%
Sudan (1956-1970)
57%
Cameroon (Federal Republic of Cameroon) (1961-1975)
43%
Ghana (1964-1966)
43%
Cape Verde (1975-1992)
29%
Belize (British Honduras) (1919-1981)
14%
No matching quizzes found
Score Distribution
Percent of People with Each Score
Percentile by Number Answered
Your Score History
You have not taken this quiz since the last reset